000 01423nam a2200253Ii 4500
003 JO-AjNU
005 20240623114100.0
008 230605s9999||||xx |||||||||||||| ||und||
040 _aJO-AjNU
_bara
_erda
_cJO-AjNU
041 _aara
050 _aHF5686.
_bM3.B3956 2015
100 1 _aبطاينة، اماني اكرم سليمان
_964801
_eمعد
245 0 _aأثر الأداء والرافعة المالية على سياسة توزيع الأرباج في الشركات الصناعية المدرجة في بورصة عمان = The effect of performance and financial leverage on dividend policy in jordanian manufacturing corporations /
_cإعداد أماني أكرم سليمان بطاينة؛ اشراف تركي راجي الحمود
260 _c2015
300 _a90ورقة
336 _atext
_btxt
_2rdacontent
337 _aunmediated
_bn
_2rdamedia
338 _avolume
_bnc
_2rdacarrier
500 _aرسالة جامعية (ماجستير) جامعة اليرموك (إربد، الأردن)، كلية الإقتصاد والعلوم الإدارية ؛ قسم المحاسبة، 2015.
504 _aتحتوي على مراجع باللغتين العربية والانجليزية
650 4 0 _aالشركات الصناعية-ادارة الارباح-الاسهم-محاسبة-الاردن.
_964740
700 1 _aالحمود، تركي راجي
_964635
_eمشرف
942 _2lcc
_cTHS
999 _c33066
_d33066